<The> Statistical analysis of time series

Gespeichert in:
Bibliographische Detailangaben
1. Verfasser: Anderson, T.W
Format: Buch
Sprache:Englisch
Veröffentlicht: New York John Wiley & Sons, Inc. 1971
Schlagworte:
Tags: Tag hinzufügen
Keine Tags, Fügen Sie das erste Tag hinzu!

MARC

LEADER 00000nam a2200000 4500
001 c117230
005 20221207070747.4
020 |a 0-471-02900-9 
041 0 |a eng 
044 |a US 
245 1 0 |a <The> Statistical analysis of time series  |c T.W. Anderson 
264 1 |a New York  |b John Wiley & Sons, Inc.  |c 1971 
300 |a 704 s. 
610 2 0 |a analýza radov časových 
610 2 0 |a analýza štatistická 
610 2 0 |a modely matematicko-štatistické 
100 1 |a Anderson, T.W.